000 00915nam a2200265 4500
001 118900
003 ES-MaACL
005 20250830220942.0
007 t|
008 070214s1964 mx r ||||1| spa d
080 _a820(73)"18/19"09
080 _a008(73)"18/19"
100 1 _aPiazza, Luis Guillermo.
_991757
245 1 3 _aEl país más viejo del mundo :
_bensayo de interpretación de la experiencia norteamericana /
_cLuis Guillermo Piazza.
260 _aMéxico :
_bJoaquín Mortiz,
_c1964.
300 _a228 p. ;
_c18 cm.
490 1 _aSerie del volador
650 4 _aLiteratura norteamericana-
_yS.XIX-
_xHistoria y crítica.
_9168442
650 4 _aLiteratura norteamericana-
_yS.XX-
_xHistoria y crítica.
_914644
651 4 _aEstados Unidos-
_xCivilización
_98535
830 1 _aSerie del volador
_9181075
852 4 _aES-MaACL
_jE-10119
852 4 _aES-MaACL
_jE-9627
999 _c118900
_d118900